|
|
|
|
| LEADER |
00000nam0a2200000 4500 |
| 001 |
45714 |
| 005 |
20231031024000.0 |
| 010 |
|
|
|a 5170080891
|
| 010 |
|
|
|a 966-7300-74-9
|
| 035 |
|
|
|a (RuTPU)RU\TPU\book\47619
|
| 090 |
|
|
|a 45714
|
| 100 |
|
|
|a 20021216d2001 m y0rusy50 ca
|
| 101 |
0 |
|
|a rus
|
| 102 |
|
|
|a RU
|a UA
|
| 105 |
|
|
|a с f 001zd
|
| 200 |
1 |
|
|a Малая энциклопедия персоналий
|e 2000 великих людей
|f сост. А. К. Золотько и С. А. Кондратюк
|
| 210 |
|
|
|a Москва
|c АСТ
|a Харьков
|c Торсинг
|d 2001
|
| 215 |
|
|
|a 656 с.
|c ил.
|
| 320 |
|
|
|a Предм. указ. персоналий: с. 640-654.
|
| 610 |
1 |
|
|a справочные издания
|
| 610 |
1 |
|
|a энциклопедии
|
| 610 |
1 |
|
|a персоналии
|
| 610 |
1 |
|
|a великие люди
|
| 610 |
1 |
|
|a знаменитые люди
|
| 610 |
1 |
|
|a государственные деятели
|
| 610 |
1 |
|
|a лауреаты Нобелевской премии
|
| 610 |
1 |
|
|a деятели искусства
|
| 610 |
1 |
|
|a деятели науки
|
| 610 |
1 |
|
|a спортсмены
|
| 686 |
|
|
|a Я22
|v LBC/SL-A
|2 rubbk
|
| 702 |
|
1 |
|a Золотько
|b А. К.
|g Александр Карлович
|4 220
|
| 702 |
|
1 |
|a Кондратюк
|b С. А.
|g Светлана Александровна
|4 220
|
| 801 |
|
1 |
|a RU
|b 63413507
|c 20021216
|g PSBO
|
| 801 |
|
2 |
|a RU
|b 63413507
|c 20130415
|g PSBO
|
| 942 |
|
|
|c BK
|